000 00277nam a2200097Ia 4500
001 798539
005 20250826170829.0
008 250824s9999 xx 000 0 und d
245 0 _aSÜPER SELİM AYASOFYA DA ESRARENGİZ KAYIP
_cSÜLEYMAN EZBER
260 _bUĞUR BÖCEĞİ YAYINLARI
999 _c798539
_d798539